A HÁZTARTÁSI GÉPEK KERESKEDELME ÉS A KÖRNYEZETTUDATOS GONDOLKODÁSMÓD KAPCSOLATA FÓKUSZBAN A HŰTŐSZEKRÉNYEK ÉS A PORSZÍVOK

Bibliográfiai részletek
Szerző: Holán Balázs
További közreműködők: Fabula László
Dokumentumtípus: Diplomadolgozat
Kulcsszavak:háztartásigép
Környezetbarát hűtőszekrény
Electrolux
energiacímke
Eco design
Online Access:http://dolgozattar.uni-bge.hu/2182

MARC

LEADER 00000nta a2200000 i 4500
001 dolg2182
005 20150901140542.0
008 150506suuuu hu om 000 hun d
040 |a BGE Dolgozattár Repozitórium  |b hun 
041 |a hu 
100 1 |a Holán Balázs 
245 1 2 |a A HÁZTARTÁSI GÉPEK KERESKEDELME ÉS A KÖRNYEZETTUDATOS GONDOLKODÁSMÓD KAPCSOLATA FÓKUSZBAN A HŰTŐSZEKRÉNYEK ÉS A PORSZÍVOK  |c Holán Balázs  |h [elektronikus dokumentum] 
246 1 1 |a A HÁZTARTÁSI GÉPEK KERESKEDELME ÉS A KÖRNYEZETTUDATOS GONDOLKODÁSMÓD KAPCSOLATA FÓKUSZBAN A HŰTŐSZEKRÉNYEK ÉS A PORSZÍVOK 
520 3 |a Dolgozatomban a háztartási gépek és a környezet kapcsolatát vizsgálom. A két termékcsoport amin keresztül bemutatom témát a porszívók illetve a hűtőgépek. 
695 |a háztartásigép 
695 |a Környezetbarát hűtőszekrény 
695 |a Electrolux  
695 |a energiacímke 
695 |a Eco design 
700 1 |a Fabula László  |e ths 
856 4 0 |u http://dolgozattar.uni-bge.hu/2182/1/Holan_Balazs_Mark_Szakdolgozat_2015.pdf  |z Dokumentum-elérés